| 000 | 00000nam##2200000za#4500 |
| 001 | 9.571454 |
| 003 | CaOODSP |
| 005 | 20240527135426 |
| 007 | cr ||||||||||| |
| 008 | 150406|2004||||xxc|||||o f|0| 0 eng|d |
| 040 | |aCaOODSP|beng |
| 043 | |an-cn--- |
| 086 | 1 |aCW69-16/13-2004E-PDF |
| 110 | 2 |aCanadian Wildlife Service. |
| 245 | 10|aPopulation status of migratory game birds in Canada (and regulation proposals for overabundant species), November 2004 / |h[electronic resource]|c[by] J. Bruce Pollard and Kathryn M. Dickson. |
| 260 | |aGatineau - Quebec : |bEnvironment Canada. |cNovember 2004. |
| 300 | |a99p.|bgraphs, maps, references, tables |
| 490 | 1 |aCWS migratory birds regulatory report|vNo. 13 |
| 500 | |aThe catalogue number (CW69-16/13-2004E), ISBN (0-662-38689-2) and ISSN (1497-0139) for the print edition have been incorrectly copied in this electronic publication. |
| 590 | |a12-04-Supp|b2012-02-20 |
| 720 | 1 |aPollard, J. Bruce |
| 720 | 1 |aDickson, Kathryn M. |
| 775 | 08|tSituation des populations d'oiseaux migrateurs considérés comme gibier au Canada (et réglementation proposée concernant les espèces surabondantes), Novembre 2004 / |w(CaOODSP)9.602056 |
| 830 | #0|aCWS migratory birds regulatory report ;|vNo. 13|w(CaOODSP)9.505137 |
| 856 | 40|ahttp://publications.gc.ca|qPDF|s1.14 MB|uhttps://publications.gc.ca/collections/collection_2011/ec/CW69-16-13-2004-eng.pdf|yNo. 13 |